00571 2200229 4500001002100000005001700021008004100038035002400079082001000103090002000113100001500133245003900148250001100187260002800198300002400226650002300250850001700273980001500290985000600305999001500311999001500326YOGYA-0209000006708820090227091937.0 ind  0010-020900000067088 a028.5 a028.5bWol BlK aWOLF, Tony aBello punya kapal selamcTony Wolf aCet. 1 aJakartabGramediac1990 a27 hlmbilusc16 cm aBacaan kanak-kanak aYOPDYOG(JSC) a14-12-2008 a2 a95P0061125 a95P0071384